| 000 | 01144cam a2200253 4500500 | ||
|---|---|---|---|
| 005 | 20260208003544.0 | ||
| 041 | _afre | ||
| 042 | _adc | ||
| 100 | 1 | 0 |
_aVerlet, Agnès _eauthor |
| 245 | 0 | 0 | _aLysistrata, comédie de la déliaison |
| 260 | _c2017. | ||
| 500 | _a4 | ||
| 520 | _aLa comédie d’Aristophane, Lysistrata, est ici lue à la façon d’un witz, le comique, comme le mot d’esprit libérant du pulsionnel et du sexuel : la guerre des sexes et la prise du pouvoir politique par les femmes d’Athènes bouleversent l’ordre public mais aussi les catégories génériques, le féminin représentant une menace, une altérité radicale. Lysistrata est une figure de la déliaison qui trouble les représentations et les repères | ||
| 690 | _aaltérité | ||
| 690 | _acomique | ||
| 690 | _adéliaison | ||
| 690 | _aféminin | ||
| 690 | _aLysistrata | ||
| 690 | _apolitique | ||
| 690 | _apulsionnel | ||
| 690 | _awitz | ||
| 786 | 0 | _nLes Lettres de la SPF | 38 | 2 | 2017-12-06 | p. 34-44 | 1281-0797 | |
| 856 | 4 | 1 | _uhttps://shs.cairn.info/revue-les-lettres-de-la-spf-2017-2-page-34?lang=fr&redirect-ssocas=7080 |
| 999 |
_c1648268 _d1648268 |
||